| 000 | 02225cam a2200373 a 4500 | ||
|---|---|---|---|
| 999 |
_c5201 _d5201 |
||
| 001 | 5201 | ||
| 003 | BD-JhCC | ||
| 005 | 20171210165054.0 | ||
| 008 | 051005s2005 nyua 001 0 eng d | ||
| 020 | _a0060760028 | ||
| 035 | _a(OCoLC)ocm60337684 | ||
| 040 |
_aIEB _cIEB _dVP@ _dSRB _dBAKER _dYBM _dDLC |
||
| 041 | _aeng | ||
| 050 | 0 | 0 |
_aHF5389 _b.P675 2005 |
| 082 | 0 | 4 |
_a395.52 _222 _bPOS 2005 |
| 100 | 1 |
_aPost, Peggy, _d1945- |
|
| 245 | 1 | 0 |
_aEmily Post's The etiquette advantage in business : _bpersonal skills for professional success / _cPeggy Post and Peter Post. |
| 246 | 3 | 0 | _aEtiquette advantage in business |
| 250 | _a2nd ed. | ||
| 260 |
_aNew York : _bHarperResource, _cc2005. |
||
| 300 |
_axvi, 366 p. : _bill. ; _c24 cm. |
||
| 500 | _aIncludes index. | ||
| 505 | 0 | _a1: The keys to success -- Why etiquette matters -- The ethical you -- Dress and grooming -- 2: At the workplace -- You and your coworkers -- You and your workplace -- You and your supervisors -- Women and men together--and other personal matters -- The smart manager -- Hosting, attending, and speaking at the perfect meeting -- Telecommuting and the home office -- 3: Rising to the occasion -- Pleasing the customer -- Business gifts -- Business events -- Table manners: navigating the meal -- Decoding the table setting -- 4: Communication -- The good conversationalist -- On the telephone -- The good writer -- Communicating electronically -- 5: On the road--here and abroad -- The thoughtful traveler -- Conventions, trade shows, and other off-site events -- Doing business in another country -- Adjusting your cultural lens -- 6: The job applicant -- The job search -- Résumés and application letters -- The job interview. | |
| 650 | 0 | _aBusiness etiquette. | |
| 650 | 0 | _aSuccess in business. | |
| 650 | 0 | _aJob hunting. | |
| 700 | 1 | _aPost, Peter. | |
| 700 | 1 |
_aPost, Emily, _d1873-1960. |
|
| 856 | 4 | 1 |
_3Table of contents _uhttp://www.loc.gov/catdir/toc/fy0602/2005283037.html |
| 856 | 4 | 2 |
_3Contributor biographical information _uhttp://www.loc.gov/catdir/enhancements/fy0911/2005283037-b.html |
| 856 | 4 | 2 |
_3Publisher description _uhttp://www.loc.gov/catdir/enhancements/fy0911/2005283037-d.html |
| 942 |
_2ddc _cBK |
||